00309nam a2200133Ia 45000030006000000080041000060400015000471000017000622450030000792600033001093000006001425460010001480050017001580STCL150530s9999 xx 000 0 und d aSTCLcSTCL aJairam Singh aPanch Tatvon Se Bamon Tak bHimachal Pustak Bandarc1984 a0 aHindi20220125171325.0